Знаменитые люди по имени Джордж - Statistics

General Stats
  • This quiz has been taken 71 times
  • The average score is 6 of 18
Answer Stats
Подсказка Ответ % Correct
Первый президент США Джордж {Вашингтон}
91%
Автор романа «1984» Джордж {Оруэлл}
79%
43-й президент США Джордж Уокер {Буш}
77%
Создатель фантастической саги «Звёздные войны» Джордж {Лукас}
57%
Актёр, снявшийся в фильмах «Майкл Клейтон» и «Одиннадцать друзей Оушена» Джордж {Клуни}
51%
Гитарист рок-группы «The Beatles» Джордж {Харрисон}
45%
Президент Либерии и футболист Джордж {Веа}
43%
Певец, исполнитель песен «Careless Whisper» и «One More Try» Джордж {Майкл}
36%
Его смерть привёл к международным протестам движения Black Lives Matter Джордж {Флойд}
34%
Автор романа «Игра Престолов» Джордж Р. Р. {Мартин}
26%
Трейдер и финанист Джордж {Сорос}
25%
Футболист; выступал за «Манчестер Юнайтед» и «Фулхэм» Джордж {Бест}
13%
Композитор и пианист Джордж {Гершвин}
13%
Стендап-комик, обладатель четырёх премий «Грэмми» и премии Марка Твена Джордж {Карлин}
11%
Боксёр; чемпион мира в тяжёлой весовой категории Джордж {Форман}
8%
Один из основателей математической логики Джордж {Буль}
6%
Актёр, снявшийся в фильмах «Всё о Еве» и «Ребекка» Джордж {Сандерс}
2%
Государственный и военный деятель, лауреат Нобелевской премии мира Джордж {Маршалл}
0%
No matching quizzes found
Score Distribution
Percent of People with Each Score
Percentile by Number Answered
Your Score History
You have not taken this quiz